| 000 | 00558nam a2200193Ia 4500 | ||
|---|---|---|---|
| 003 | GCL | ||
| 008 | 140319s9999 xx 000 0 ara d | ||
| 040 |
_aGCL / _cGCL |
||
| 082 | 0 | 4 |
_a410 _bز ط |
| 100 | 1 | _aزكريا اسماعيل | |
| 245 | 1 | 0 |
_aطرق تدريس اللغة العربية / _cزكريا اسماعيل |
| 260 |
_a[S.N] : _bدار المعرفة الجامعية |
||
| 300 | _a322 ص | ||
| 490 | _a | ||
| 650 | 0 | 4 | _aطرق التدريس |
| 650 | 0 | 4 | _aطرق المناهج |
| 650 | 0 | 4 | _aاللغة العربية |
| 942 |
_2ddc _cBK |
||
| 999 |
_c36294 _d36294 |
||